<?xml version="1.0" encoding="UTF-8"?>
<record
    xmlns:xsi="http://www.w3.org/2001/XMLSchema-instance"
    xsi:schemaLocation="http://www.loc.gov/MARC21/slim http://www.loc.gov/standards/marcxml/schema/MARC21slim.xsd"
    xmlns="http://www.loc.gov/MARC21/slim">

  <leader>01183nam a2200277Ia 4500</leader>
  <datafield tag="999" ind1=" " ind2=" ">
    <subfield code="c">65263</subfield>
    <subfield code="d">65263</subfield>
  </datafield>
  <controlfield tag="005">20240530110815.0</controlfield>
  <controlfield tag="008">140319s2008    au a   f b    000 0 ara d</controlfield>
  <datafield tag="017" ind1=" " ind2=" ">
    <subfield code="a">2009/17924</subfield>
    <subfield code="b">&#x645;&#x635;&#x631;. &#x62F;&#x627;&#x631; &#x627;&#x644;&#x643;&#x62A;&#x628;</subfield>
  </datafield>
  <datafield tag="020" ind1=" " ind2=" ">
    <subfield code="a">9789774795728</subfield>
  </datafield>
  <datafield tag="040" ind1=" " ind2=" ">
    <subfield code="a">GCL / </subfield>
    <subfield code="c">GCL</subfield>
  </datafield>
  <datafield tag="082" ind1="0" ind2="4">
    <subfield code="2">21</subfield>
    <subfield code="a">792.0973 /</subfield>
    <subfield code="b">&#x634; &#x645;</subfield>
  </datafield>
  <datafield tag="100" ind1="1" ind2=" ">
    <subfield code="a">&#x634;&#x627;&#x646;&#x643; &#x60C; &#x62B;&#x64A;&#x648;&#x62F;&#x648;&#x631; </subfield>
  </datafield>
  <datafield tag="245" ind1="1" ind2="0">
    <subfield code="a">&#x645;&#x627; &#x648;&#x631;&#x627;&#x621; &#x627;&#x644;&#x62D;&#x62F;&#x648;&#x62F; :</subfield>
    <subfield code="b">&#x627;&#x644;&#x645;&#x633;&#x631;&#x62D; &#x627;&#x644;&#x627;&#x645;&#x631;&#x64A;&#x643;&#x649; &#x627;&#x644;&#x628;&#x62F;&#x64A;&#x644; /</subfield>
    <subfield code="c">&#x62A;&#x623;&#x644;&#x64A;&#x641; &#x62B;&#x64A;&#x648;&#x62F;&#x648;&#x631; &#x634;&#x627;&#x646;&#x643; &#x61B; &#x62A;&#x631;&#x62C;&#x645;&#x629; &#x627;&#x644;&#x62D;&#x633;&#x64A;&#x646; &#x639;&#x644;&#x649; &#x64A;&#x62D;&#x64A;&#x649; &#x61B; &#x645;&#x631;&#x627;&#x62C;&#x639;&#x629; &#x645;&#x62D;&#x645;&#x62F; &#x639;&#x628;&#x62F;&#x627;&#x644;&#x639;&#x627;&#x637;&#x649;</subfield>
    <subfield code="n">&#x627;&#x644;&#x62C;&#x632;&#x621; &#x627;&#x644;&#x62B;&#x627;&#x646;&#x649; &#x645;&#x646;&#x630; 1980 </subfield>
  </datafield>
  <datafield tag="250" ind1=" " ind2=" ">
    <subfield code="a">&#x637;.1</subfield>
  </datafield>
  <datafield tag="260" ind1=" " ind2=" ">
    <subfield code="a">&#x627;&#x644;&#x642;&#x627;&#x647;&#x631;&#x629; : </subfield>
    <subfield code="b">&#x648;&#x632;&#x627;&#x631;&#x629; &#x627;&#x644;&#x62B;&#x642;&#x627;&#x641;&#x629; : &#x645;&#x647;&#x631;&#x62C;&#x627;&#x646; &#x627;&#x644;&#x642;&#x627;&#x647;&#x631;&#x629; &#x627;&#x644;&#x62F;&#x648;&#x644;&#x649; &#x644;&#x644;&#x645;&#x633;&#x631;&#x62D; &#x627;&#x644;&#x62A;&#x62C;&#x631;&#x64A;&#x628;&#x649;&#x60C;</subfield>
    <subfield code="c">2009 .</subfield>
  </datafield>
  <datafield tag="300" ind1=" " ind2=" ">
    <subfield code="a">222 &#x635;. :</subfield>
    <subfield code="b">&#x627;&#x64A;&#x636;. &#x61B;</subfield>
    <subfield code="c">24 &#x633;&#x645;.</subfield>
  </datafield>
  <datafield tag="650" ind1="0" ind2="7">
    <subfield code="a">&#x627;&#x644;&#x645;&#x633;&#x631;&#x62D;</subfield>
    <subfield code="2">qrmak</subfield>
  </datafield>
  <datafield tag="650" ind1="0" ind2="7">
    <subfield code="a">&#x627;&#x644;&#x633;&#x64A;&#x646;&#x645;&#x627; </subfield>
    <subfield code="2">qrmak</subfield>
  </datafield>
  <datafield tag="650" ind1="0" ind2="7">
    <subfield code="a">&#x627;&#x644;&#x62A;&#x645;&#x62B;&#x64A;&#x644;</subfield>
    <subfield code="2">qrmak</subfield>
  </datafield>
  <datafield tag="650" ind1="0" ind2="7">
    <subfield code="a">&#x627;&#x644;&#x645;&#x633;&#x631;&#x62D;</subfield>
    <subfield code="x">&#x62A;&#x627;&#x631;&#x64A;&#x62E; &#x648;&#x646;&#x642;&#x62F;</subfield>
    <subfield code="2">qrmak</subfield>
    <subfield code="z">&#x627;&#x645;&#x631;&#x64A;&#x643;&#x627;</subfield>
  </datafield>
  <datafield tag="651" ind1=" " ind2=" ">
    <subfield code="2">qrmak</subfield>
  </datafield>
  <datafield tag="700" ind1="0" ind2=" ">
    <subfield code="a">&#x627;&#x644;&#x62D;&#x633;&#x64A;&#x646; &#x639;&#x644;&#x649; &#x64A;&#x62D;&#x64A;&#x649;</subfield>
    <subfield code="e">&#x645;&#x62A;&#x631;&#x62C;&#x645;</subfield>
  </datafield>
  <datafield tag="700" ind1="0" ind2=" ">
    <subfield code="a">&#x645;&#x62D;&#x645;&#x62F; &#x639;&#x628;&#x62F;&#x627;&#x644;&#x639;&#x627;&#x637;&#x649; </subfield>
    <subfield code="e">&#x645;&#x631;&#x627;&#x62C;&#x639; </subfield>
  </datafield>
  <datafield tag="942" ind1=" " ind2=" ">
    <subfield code="2">ddc</subfield>
    <subfield code="c">BK</subfield>
  </datafield>
  <datafield tag="952" ind1=" " ind2=" ">
    <subfield code="0">0</subfield>
    <subfield code="1">0</subfield>
    <subfield code="4">0</subfield>
    <subfield code="7">0</subfield>
    <subfield code="a">CAI</subfield>
    <subfield code="b">CAI</subfield>
    <subfield code="c">MAIN-LIBRARY</subfield>
    <subfield code="d">2019-06-16</subfield>
    <subfield code="l">0</subfield>
    <subfield code="o">792.0973 / &#x634; &#x645;</subfield>
    <subfield code="p">165959</subfield>
    <subfield code="r">2019-06-16 00:00:00</subfield>
    <subfield code="w">2019-06-16</subfield>
    <subfield code="y">BK</subfield>
  </datafield>
</record>
